logo

Bir Sreshtho Munshi Abdur Rouf Library
Jhenaidah Cadet College

The Vedic Age : (Record no. 4978)

MARC details
000 -LEADER
fixed length control field 00690nam a2200241 a 4500
003 - CONTROL NUMBER IDENTIFIER
JCCL marc code BD-JhCC
005 - DATE AND TIME OF LATEST TRANSACTION
control field 20171207192212.0
008 - FIXED-LENGTH DATA ELEMENTS--GENERAL INFORMATION
fixed length control field 171206s19511971ii a|||| || | 001 0 eng d
035 ## - SYSTEM CONTROL NUMBER
system control number (BD-JhCC)
040 ## - CATALOGING SOURCE
Original cataloging agency BD-JhCC
Modifying agency BD-JhCC
041 ## - LANGUAGE CODE
Language code of Book eng
082 ## - DEWEY DECIMAL CLASSIFICATION NUMBER
Classification number 954
Author mark and Year MAJ 1971
245 ## - TITLE STATEMENT
Title The Vedic Age :
Remainder of title The history and culture of the Indian people /
Statement of responsibility, etc R. C. Majumdar (General Editor)
260 ## - PUBLICATION, DISTRIBUTION, ETC. (IMPRINT)
Place of publication, distribution, etc Bombay :
Name of publisher, distributor, etc Bharatiya Vidya Bhavan,
Date of publication, distribution, etc 1971
300 ## - PHYSICAL DESCRIPTION
Pagination 572 p. :
Dimensions 25 cm.
650 ## - SUBJECT ADDED ENTRY--TOPICAL TERM
Topical term or geographic name as entry element India
650 ## - SUBJECT ADDED ENTRY--TOPICAL TERM
Topical term or geographic name as entry element Hindu Civilization
Geographic subdivision India
700 ## - ADDED ENTRY--PERSONAL NAME
Personal name Majumdar, R. C. (General Editor)
700 ## - ADDED ENTRY--PERSONAL NAME
Personal name Pusalker. A. D.
700 ## - ADDED ENTRY--PERSONAL NAME
Personal name Majumdar A. K.
942 ## - ADDED ENTRY ELEMENTS (KOHA)
Source of classification or shelving scheme Dewey Decimal Classification
Koha item type Books
Holdings
Source of classification or shelving scheme Damaged status Not for loan Home library Current library Shelving location Date of accession Total Checkouts Full call number Barcode Date last seen Copy number Koha item type
Dewey Decimal Classification     JCC Rouf Library JCC Rouf Library General Stacks 12/06/2017   954 MAJ 1971 6371 12/06/2017 C-1 Books

JCC Library | Contacts | JCC Home

Last Update on 23 September 2017
Copyright @ 2017-2020 JCC Rouf Library
Rouf Library, Jhenidah Cadet College (JCC), Bangladesh